000 00457nam a2200181Ia 4500
005 20250508154111.0
008 008 250505s9999 xx 000 0 eng d
037 _aTextual
040 _aFEDL
_beng
_cFEDL
041 _aeng
_2eng
084 _aB, GOG
_qFEDL
100 _aBurra Peter
_9641761
245 0 _aVan Gogh
260 _aNew York, USA
_bCollier Books
_c1962
300 _a127p
942 _cTEXL
_hB, GOG
999 _c1347623
_d1347623